| 000 | 00964nas a2200277 4500 | ||
|---|---|---|---|
| 001 | BR8100214 | ||
| 003 | BR-BrBNA | ||
| 005 | 20231205084450.0 | ||
| 007 | ta | ||
| 008 | 230509b bl.|||p| |||| 00| 00por d | ||
| 040 |
_aBR-BrBNA _bpor _cBiblioteca Nacional de Agricultura |
||
| 041 | _a(Pt) | ||
| 072 | _aF27 | ||
| 100 | 1 | _aChoudhury, E.N. | |
| 100 | 1 | _aMillar, A.A. | |
| 100 | 1 | _aChoudhury, M.M. | |
| 100 | 1 | _aAbreu, T.A. dos S. | |
| 245 | 1 | _aDiferentes niveis de irrigacao na producao e sistema radicular do tomate industrial [Lycopersicum esculentum] | |
| 246 | 1 | _aEffect of different irrigation regimes on the procuction and root system of tomatoes [Lycopersicum esculentum] | |
| 650 | _aCultivo do solo | ||
| 650 | _aTomate | ||
| 650 | _aCultura irrigada | ||
| 773 | 0 |
_tPesquisa Agropecuaria Brasileira (Brazil) _xISSN 0100-204X _g(Oct 1980), v. 15(4) p. 475-480 _wBR8100214 |
|
| 909 |
_a202311 _bLúcia _c55 _dLúcia Elande |
||
| 942 |
_2AGRIS _n0 _cANA |
||
| 999 |
_c105417 _d105417 |
||